Presidentes de Chile - Estadísticas

Estadísticas generales
  • Esta prueba ha sido intentada 3.372 veces
    672 desde el último reinicio
  • La puntuación promedio es 20 de 41
Estadísticas de respuestas
Período Nombre % Correcto
1981-1990 Augusto Pinochet (Dictador)
93%
2022-2026 Gabriel Boric Font
85%
2026-2030 José Antonio Kast Rist
82%
2006-2010 Michelle Bachelet
80%
2014-2018 Michelle Bachelet
80%
1970-1973 Salvador Allende
80%
2010-2014 Sebastián Piñera
77%
2018-2022 Sebastián Piñera
77%
2000-2006 Ricardo Lagos
64%
1964-1970 Eduardo Frei Montalva
63%
1994-2000 Eduardo Frei Ruiz-Tagle
63%
1990-1994 Patricio Aylwin
55%
1958-1964 Jorge Alessandri Rodríguez
54%
1920-1924 Arturo Alessandri Palma
53%
1925 Arturo Alessandri Palma
53%
1932-1938 Arturo Alessandri Palma
53%
1938-1941 Pedro Aguirre Cerda
51%
1927-1931 Carlos Ibáñez del Campo
48%
1952-1958 Carlos Ibáñez del Campo
48%
1851-1861 Manuel Montt
48%
1826 Manuel Blanco Encalada
45%
1886-1891 José Manuel Balmaceda
44%
1906-1910 Pedro Montt
44%
1891-1896 Jorge Montt
42%
1946-1952 Gabriel González Videla
37%
1910-1915 Ramón Barros Luco
36%
1973-1981 Junta Militar de Gobierno
34%
1942-1946 Juan Antonio Ríos
33%
1861-1871 José Joaquín Pérez
32%
1831-1841 José Joaquín Prieto
32%
1876-1881 Aníbal Pinto
31%
1841-1851 Manuel Bulnes
30%
1881-1886 Domingo Santa María
28%
1896-1901 Federico Errázuriz Echaurren
28%
1871-1876 Federico Errázuriz Zañartu
28%
1827 Ramón Freire
28%
1829 Francisco Antonio Pinto
27%
1901-1906 Germán Riesco
26%
1931-1932 Juan Esteban Montero
22%
1925-1927 Emiliano Figueroa
21%
1915-1920 Juan Luis Sanfuentes
20%
No se encontraron pruebas coincidentes
Distribución de puntuación
Porcentaje de gente con cada puntuación
Porcentaje por número respondido
Historial de tus puntuaciones
No has intentado esta prueba desde el último reinicio